| 000 | 01128nam0a22002651 4500 | ||
|---|---|---|---|
| 001 | rc\4840169 | ||
| 005 | 20260407230411.0 | ||
| 021 |
_aRU _b68-61099 |
||
| 021 |
_aRU _bРг6397-68 |
||
| 035 | _a(NLR Aleph) 008809705 | ||
| 090 |
_a8154055 _c8154055 |
||
| 100 | _a20130426d1968 |||y0rusy50 ca | ||
| 101 | 0 | _arus | |
| 102 | _aRU | ||
| 105 | _aa z ||||| | ||
| 200 | 1 |
_aТехнический отчет о применении крана КСТ-3 при строительстве кирпичных дымовых труб _fМ-во монтажных и спец. строит. работ СССР. ЦБТИ. Главтепломонтаж |
|
| 210 |
_aМосква _cБ. и. _d1968 |
||
| 215 |
_a9 с. _cил. _d29х21 |
||
| 300 | _aОтпеч. множит. аппаратом | ||
| 712 | 0 | 1 |
_aСССР _bГлавное управление по проектированию и производству теплотехнических и изоляционных работ _3RU\NLR\AUTH\8810155484 _9806339 |
| 801 | 0 |
_aRU _bNLR _gpsbo |
|
| 801 | 1 |
_aRU _bELAR _2rusmarc |
|
| 852 |
_aNLR _j68-8/1294 |
||
| 942 | _cBOOK | ||
| 980 | _aNB | ||